Astoronomi for class 10th (Russian) (Record no. 1333259)

MARC details
000 -LEADER
fixed length control field 00460nam a2200181Ia 4500
005 - DATE AND TIME OF LATEST TRANSACTION
control field 20250508151950.0
008 - FIXED-LENGTH DATA ELEMENTS--GENERAL INFORMATION
fixed length control field 008 250505s9999 xx 000 0 eng d
037 ## - SOURCE OF ACQUISITION
Stock number Books to be hide in OPAC
040 ## - CATALOGING SOURCE
Original cataloging agency FEDL
Language of cataloging eng
Transcribing agency FEDL
041 ## - LANGUAGE CODE
Language code of text/sound track or separate title eng
Source of code eng
084 ## - COLON CLASSIFICATION NUMBER
Assigning agency FEDL
100 ## - MAIN ENTRY--PERSONAL NAME
Personal name Vorontsor Balyamenav
9 (RLIN) 760488
245 #0 - TITLE STATEMENT
Title Astoronomi for class 10th (Russian)
300 ## - PHYSICAL DESCRIPTION
Extent 143p.
546 ## - LANGUAGE NOTE
Language note Weeded out
942 ## - ADDED ENTRY ELEMENTS (KOHA)
Koha item type Books to be hide in OPAC
Holdings
Withdrawn status Lost status Damaged status Not for loan Home library Current library Date acquired Total Checkouts Barcode Date last seen Price effective from Koha item type
        Department of Education Library Department of Education Library 2025-05-08   EL0014583 2025-05-08 2025-05-08 Books to be hide in OPAC
Copyright @ Delhi University Library System